Antikes Rom #2 - Statistiken

Allgemein
  • Dieses Quiz wurde 123 mal gespielt
  • Das Durchschnittsergebnis liegt bei 12 aus 20
Antwortstatistiken
Hint Antwort % Korrekt
Mit welchen Tieren überquerte Hannibal die Alpen? Elefanten
96%
Amtssprache des römischen Reichs Latein
93%
Wer wurde in den Iden des März ermordet? Julius Cäsar
88%
Wer soll den Großen Brand Roms gelegt haben? Nero
87%
Welches Tier beschreibt eine taktische Formation? Schildkröte
82%
Römischer Kriegsgott Mars
80%
römische Wasserleitung Aquädukt
76%
In welchem heutigen Staat lag die Stadt Karthago? Tunesien
74%
Berühmter Grenzwall in Britannien Hadrianswall
71%
Römischer Soldat Legionär
68%
Grenzwall Limes
68%
Hannibal ante... Portas
62%
Wer führte den Sklavenaufstand 71 v. Chr. an Spartakus
61%
Dreierbündnis von Caesar, Crassus, Pompeius Triumvirat
53%
Gesellschaftsklasse des einfachen Volkes Plebejer
48%
römisches Badehaus Therme
48%
gerudertes römisches Kriegsschiff Galeere
45%
1. römische Provinz Sizilien
20%
Öffentliche Gebäude für Handel und Gerichte Basilika
10%
Größte Gladiatorenschule Ludus Magnus
5%
Keine übereinstimmenden Quizze gefunden
Verteilung der Resultate
Anzahl Personen mit jedem Resultat
Perzentil nach korrekt beantworteten Fragen
Ihre Resultats-Entwicklung
Sie haben dieses Quiz noch nicht gespielt